[Event "22OPENSETTIMANALE"]
[Site "?"]
[Date "2019.11.14"]
[Round "3"]
[White "PALA, GIORGIO."]
[Black "MARINO, GIOVANNI."]
[Result "1/2-1/2"]
[WhiteElo "2069"]
[BlackElo "1958"]
[PlyCount "74"]
[SourceDate "2019.11.19"]

1. e4 c5 2. Nc3 d6 3. Nf3 Nf6 4. d4 cxd4 5. Nxd4 a6 6. g3 e5 7. Nb3 Be7 8. Bg2
Nbd7 9. O-O O-O 10. Be3 b6 11. Qe2 Bb7 12. Rfd1 Rc8 13. Rd2 Qc7 14. Rad1 Qc4
15. Qxc4 Rxc4 16. Bf1 Rxc3 17. bxc3 Nxe4 18. Rd3 Rc8 19. Bg2 f5 20. Nd2 Ndc5
21. Bxc5 Rxc5 22. Nxe4 fxe4 23. Rxd6 Bxd6 24. Rxd6 Bc6 25. Bh3 Rxc3 26. Be6+
Kf8 27. Bb3 b5 28. Rd8+ Ke7 29. Rg8 Kf6 30. Rc8 b4 31. Rb8 a5 32. Rb6 Ke7 33.
Ra6 a4 34. Bxa4 Bxa4 35. Rxa4 Rxc2 36. Rxb4 Rxa2 37. Rxe4 Kf6 1/2-1/2

[Event "22OPENSETTIMANALE"]
[Site "?"]
[Date "2019.11.14"]
[Round "3"]
[White "CASTELFRANCHI, CARLO."]
[Black "MARINO, DANILO."]
[Result "1-0"]
[WhiteElo "1978"]
[BlackElo "1909"]
[PlyCount "70"]
[SourceDate "2019.11.19"]

1. e4 c5 2. Nf3 d6 3. d4 cxd4 4. Nxd4 Nf6 5. Nc3 g6 6. f4 Nc6 7. Nxc6 bxc6 8.
e5 Nd7 9. Bc4 Bg7 10. exd6 Nb6 11. Bb3 O-O 12. O-O exd6 13. Be3 d5 14. Bd4
Bxd4+ 15. Qxd4 Bf5 16. Rfe1 Re8 17. a4 Qd6 18. a5 Nd7 19. Ba4 a6 20. h3 h5 21.
b4 Rxe1+ 22. Rxe1 Rb8 23. Bxc6 Qxc6 24. Nxd5 Kh7 25. Re7 Be6 26. Rxd7 Bxd7 27.
Nf6+ Kh6 28. g4 hxg4 29. hxg4 g5 30. fxg5+ Kxg5 31. Nxd7 Re8 32. Ne5 Qf6 33.
Qe3+ Kh4 34. Qe1+ Kh3 35. Qc3+ Kh4 1-0

[Event "22OPENSETTIMANALE"]
[Site "?"]
[Date "2019.11.14"]
[Round "3"]
[White "BOLLA, VITTORIO."]
[Black "PASTORE, COSMAS."]
[Result "0-1"]
[WhiteElo "1576"]
[BlackElo "1907"]
[PlyCount "78"]
[SourceDate "2019.11.19"]

1. e4 e5 2. Nf3 Nc6 3. Bb5 a6 4. Ba4 Nf6 5. O-O Nxe4 6. d4 b5 7. Bb3 d5 8. dxe5
Be6 9. Be3 Bc5 10. Bxc5 Nxc5 11. Nbd2 O-O 12. c3 Nxb3 13. Nxb3 Bg4 14. Re1 Re8
15. Nbd4 Nxe5 16. Rxe5 Rxe5 17. Nc6 Bxf3 18. Qxf3 Qd6 19. Nxe5 Qxe5 20. g3 Re8
21. Rd1 c6 22. Kf1 Qe4 23. Qxe4 Rxe4 24. f3 Re6 25. Kf2 Kf8 26. b4 Ke7 27. Ra1
Kd6 28. a4 Kc7 29. axb5 cxb5 30. Rd1 Rc6 31. Rd3 Kd6 32. Ke3 Rc4 33. f4 Ke6 34.
g4 g5 35. fxg5 Rxg4 36. Rd1 Rxg5 37. Ra1 Rh5 38. Rxa6+ Ke5 39. Ra2 Rh3+ 0-1

[Event "22OPENSETTIMANALE"]
[Site "?"]
[Date "2019.11.14"]
[Round "3"]
[White "LUIGI, RINALDO."]
[Black "VANZAN, ALESSANDRO."]
[Result "1-0"]
[WhiteElo "1771"]
[BlackElo "1572"]
[PlyCount "61"]
[SourceDate "2019.11.19"]

1. e4 c5 2. Nc3 d6 3. g3 g6 4. Bg2 Bg7 5. d3 Nc6 6. Be3 h5 7. Nge2 Rb8 8. Qd2
Bd7 9. O-O b5 10. Rab1 Qc8 11. f4 Nf6 12. Nd1 Ng4 13. Kh1 Nxe3 14. Nxe3 h4 15.
Qe1 hxg3 16. Qxg3 Bf6 17. c3 Be6 18. a3 Bh3 19. Nd5 Bxg2+ 20. Kxg2 Bh4 21. Qf3
e6 22. Ne3 Bf6 23. Ng4 Bg7 24. Ng3 O-O 25. f5 exf5 26. exf5 Ne5 27. Nxe5 Bxe5
28. f6 Qb7 29. Ne4 Qd5 30. Qh3 Qe6 31. Qh6 1-0

[Event "22OPENSETTIMANALE"]
[Site "?"]
[Date "2019.11.14"]
[Round "3"]
[White "GENSABELLA, PAOLO."]
[Black "DE GUISA , MICHELE."]
[Result "1-0"]
[WhiteElo "1739"]
[BlackElo "1430"]
[PlyCount "61"]
[SourceDate "2019.11.19"]

1. d4 d6 2. Nf3 e6 3. c4 c6 4. Nc3 Nd7 5. e4 Be7 6. Be2 a6 7. a4 Rb8 8. O-O c5
9. d5 e5 10. Be3 b6 11. Qd2 Bf6 12. h3 h6 13. Nh2 Nf8 14. Ng4 Be7 15. f4 h5 16.
Nh2 exf4 17. Bxf4 Ng6 18. Be3 Ne5 19. Nf3 Nxf3+ 20. Rxf3 Bf6 21. Raf1 Rb7 22.
Kh1 Nh6 23. Rxf6 gxf6 24. Bxh6 Qe7 25. Bg7 Rh7 26. Bxf6 Qf8 27. Qg5 Rh6 28. Bg7
Rg6 29. Qxg6 Qg8 30. Qh6 Kd7 31. Bxh5 1-0

[Event "22OPENSETTIMANALE"]
[Site "?"]
[Date "2019.11.14"]
[Round "3"]
[White "ARCERI, PAOLO."]
[Black "GIUSEPPONI, FERRUCCIO."]
[Result "0-1"]
[WhiteElo "1554"]
[BlackElo "1413"]
[PlyCount "102"]
[SourceDate "2019.11.19"]

1. e4 c5 2. Nf3 d6 3. d4 cxd4 4. Nxd4 Nf6 5. Nc3 a6 6. Be2 e5 7. Nf5 Bxf5 8.
exf5 Nc6 9. Bg5 Be7 10. Qd2 Qd7 11. O-O-O O-O-O 12. Bxf6 Bxf6 13. Nd5 Qxf5 14.
h3 Kb8 15. Bg4 Qe4 16. Bf3 Qa4 17. Kb1 e4 18. Be2 Rhe8 19. Qf4 Nd4 20. Rd2 Nxe2
21. Rxe2 Qd4 22. Nxf6 gxf6 23. Rd2 Qe5 24. Qh4 Qg5 25. Qxg5 fxg5 26. Rhd1 Kc7
27. Rd5 Re5 28. c4 Rxd5 29. Rxd5 Rg8 30. Rf5 Rg7 31. Kc2 Kd7 32. Kd2 Ke6 33.
Rd5 f5 34. Ke3 Rc7 35. b3 Rc5 36. Kd4 Rxd5+ 37. cxd5+ Kf6 38. g4 Kg6 39. b4 b5
40. Ke3 h5 41. f3 exf3 42. Kxf3 h4 43. a3 Kf6 44. gxf5 Kxf5 45. Ke3 g4 46.
hxg4+ Kxg4 47. Kf2 h3 48. Kf1 Kf3 49. Kg1 Ke4 50. Kh2 Kxd5 51. Kxh3 Kc4 0-1

[Event "22OPENSETTIMANALE"]
[Site "?"]
[Date "2019.11.14"]
[Round "3"]
[White "DE CATALDO, ANTONIO."]
[Black "DURANTINI, FRANCESCO."]
[Result "1/2-1/2"]
[WhiteElo "1229"]
[BlackElo "1499"]
[PlyCount "64"]
[SourceDate "2019.11.19"]

1. e4 e5 2. Nf3 Nc6 3. Nc3 Nf6 4. Bc4 h6 5. O-O d6 6. d3 Na5 7. Be3 Nxc4 8.
dxc4 Be7 9. Ne1 O-O 10. f3 Be6 11. b3 c6 12. Qe2 Qa5 13. Bd2 Qc7 14. Rd1 Rfd8
15. Be3 Rd7 16. Nd3 b6 17. Qf2 d5 18. cxd5 cxd5 19. Nxd5 Nxd5 20. exd5 Rxd5 21.
Qe2 Rad8 22. Rd2 Bf5 23. Rfd1 e4 24. fxe4 Bxe4 25. c4 R5d7 26. Nf2 Bb7 27. Rxd7
Rxd7 28. Bd4 Qc6 29. Qg4 Bf8 30. Nh3 Bc8 31. Qe2 Re7 32. Qh5 Re6 1/2-1/2

[Event "22OPENSETTIMANALE"]
[Site "?"]
[Date "2019.11.14"]
[Round "3"]
[White "NASCA, ANDREA."]
[Black "MARTINO, MAURIZIO."]
[Result "1-0"]
[WhiteElo "1582"]
[BlackElo "1317"]
[PlyCount "99"]
[SourceDate "2019.11.19"]

1. e4 d6 2. d4 Nf6 3. Nc3 g6 4. Be3 Ng4 5. Bg5 Bg7 6. f3 h6 7. fxg4 hxg5 8. Nh3
e5 9. d5 Nd7 10. Be2 f6 11. Qd2 a6 12. a4 b6 13. Na2 Nc5 14. Qe3 Nxa4 15. Nb4
b5 16. b3 Nc5 17. Nc6 Qd7 18. Bxb5 Bb7 19. Bc4 Qxg4 20. Qe2 Qxe4 21. Qxe4 Nxe4
22. Bd3 Bxc6 23. Bxe4 f5 24. dxc6 fxe4 25. Nxg5 e3 26. Ne6 Bh6 27. Nxc7+ Ke7
28. Nxa8 Rxa8 29. c4 Ke6 30. Ra5 Bg5 31. Ke2 Bd8 32. Ra4 Bb6 33. b4 Ra7 34. Rf1
Ke7 35. h4 Bd4 36. g4 Ke6 37. g5 e4 38. Ra5 Rh7 39. Rh1 Bc3 40. Rxa6 Bxb4 41.
Kxe3 Ke5 42. Ra4 Bc5+ 43. Ke2 Rf7 44. Rh2 Rf3 45. c7 Re3+ 46. Kd2 Rd3+ 47. Kc2
Kd4 48. Rd2 Rxd2+ 49. Kxd2 e3+ 50. Ke2 1-0

[Event "22OPENSETTIMANALE"]
[Site "?"]
[Date "2019.11.14"]
[Round "3"]
[White "ROCCHI, FEDERICO."]
[Black "RENZI, ALESSIO."]
[Result "1/2-1/2"]
[WhiteElo "1893"]
[BlackElo "1739"]
[PlyCount "76"]
[SourceDate "2019.11.19"]

1. c4 e5 2. g3 Nf6 3. Bg2 c6 4. Nc3 d5 5. cxd5 cxd5 6. d3 Nc6 7. Nf3 Be6 8. O-O
Be7 9. Qa4 O-O 10. Bd2 Qb6 11. a3 Nd7 12. b4 a5 13. b5 Na7 14. Rfb1 Nc5 15. Qd1
f6 16. a4 d4 17. Ne4 Nxe4 18. dxe4 Rfd8 19. Ne1 Nc8 20. Nd3 Nd6 21. Nb2 Nc4 22.
Nxc4 Bxc4 23. Rc1 Qe6 24. Bh3 Qxh3 25. Rxc4 b6 26. Rc6 Bc5 27. Qb3+ Kf8 28. Rc1
Qd7 29. Qd3 Rdc8 30. Rxc8+ Rxc8 31. Kg2 Bb4 32. Bxb4+ axb4 33. Rc4 Rxc4 34.
Qxc4 Qd6 35. Qc8+ Ke7 36. Qg8 Qe6 37. Qxg7+ Qf7 38. Qxf7+ Kxf7 1/2-1/2

[Event "22OPENSETTIMANALE"]
[Site "?"]
[Date "2019.11.14"]
[Round "3"]
[White "CIARLA, MARIO."]
[Black "PUGLIA, FRANCESCO."]
[Result "0-1"]
[WhiteElo "1713"]
[BlackElo "1916"]
[PlyCount "78"]
[SourceDate "2019.11.19"]

1. c4 c5 2. Nc3 Nc6 3. Nf3 g6 4. g3 Bg7 5. Bg2 e6 6. O-O d6 7. d3 Nge7 8. Bg5
h6 9. Be3 O-O 10. Qc1 Kh7 11. Rd1 b6 12. d4 cxd4 13. Nxd4 Bb7 14. Ndb5 Nf5 15.
g4 Nxe3 16. Qxe3 d5 17. cxd5 exd5 18. Bxd5 Re8 19. Qg3 Qe7 20. e4 a6 21. Qc7
axb5 22. Nxb5 Be5 23. Qxe7 Rxe7 24. Rd2 Na5 25. Rad1 Bxd5 26. Rxd5 Bxb2 27. Rd7
Rxd7 28. Rxd7 Kg7 29. Nd6 Rf8 30. f4 Ba3 31. f5 Nc6 32. fxg6 Ne5 33. Nf5+ Kxg6
34. Rd5 Nxg4 35. Nh4+ Kf6 36. Rf5+ Ke6 37. h3 Bc5+ 38. Kh1 Nf2+ 39. Kh2 Nxe4
0-1

[Event "22OPENSETTIMANALE"]
[Site "?"]
[Date "2019.10.31"]
[Round "1"]
[White "PALA, GIORGIO."]
[Black "CIARLA, MARIO."]
[Result "1-0"]
[WhiteElo "2069"]
[BlackElo "1713"]
[PlyCount "99"]
[SourceDate "2019.11.19"]

1. c4 Nf6 2. Nc3 c6 3. Nf3 g6 4. e3 Bg7 5. Be2 O-O 6. O-O d5 7. d4 Bf5 8. Qb3
b6 9. Ne5 Ne4 10. cxd5 Nxc3 11. bxc3 Bxe5 12. dxe5 Qxd5 13. f4 Qxb3 14. axb3
Be4 15. Ra4 Bc2 16. Bd1 Bd3 17. Rf2 Bb5 18. Rd4 c5 19. Rdd2 Nd7 20. Bf3 Rad8
21. c4 Ba6 22. Ra2 Nb8 23. Rfd2 Rxd2 24. Rxd2 Bc8 25. g4 e6 26. Rd6 Bd7 27. Bd2
h6 28. Be1 g5 29. Be4 Kg7 30. Bc3 Kg8 31. h4 gxh4 32. Kg2 Rc8 33. Kh3 Bc6 34.
Bd3 a6 35. Kxh4 b5 36. f5 bxc4 37. bxc4 Bd7 38. Kh5 Rc6 39. Kxh6 Rxd6 40. exd6
exf5 41. gxf5 Kf8 42. Kg5 Nc6 43. Kf6 Nb4 44. Bb1 a5 45. e4 a4 46. Bb2 Ke8 47.
e5 Nc6 48. e6 fxe6 49. fxe6 Bc8 50. Bg6+ 1-0

[Event "22OPENSETTIMANALE"]
[Site "?"]
[Date "2019.10.31"]
[Round "1"]
[White "BOLLA, VITTORIO."]
[Black "BONAPOSTA, FABRIZIO."]
[Result "0-1"]
[WhiteElo "1576"]
[BlackElo "2061"]
[PlyCount "104"]
[SourceDate "2019.11.19"]

1. e4 c5 2. c4 Nc6 3. Nf3 g6 4. d4 cxd4 5. Nxd4 Bg7 6. Be3 Nf6 7. Nc3 d6 8. Be2
O-O 9. Rc1 Bd7 10. O-O Rc8 11. f3 Nxd4 12. Bxd4 Bc6 13. Qd2 a5 14. Rfd1 Nd7 15.
Bxg7 Kxg7 16. Kh1 Nc5 17. b3 Ra8 18. Qd4+ f6 19. Nb5 g5 20. Nc3 Qb6 21. Nd5
Bxd5 22. cxd5 Rfc8 23. Rc4 Qd8 24. Rdc1 b6 25. R4c3 Nd7 26. Qe3 Rc5 27. f4 gxf4
28. Qxf4 Ne5 29. Rg3+ Kh8 30. Rxc5 bxc5 31. Qf5 Qc8 32. Qh5 Qe8 33. Qf5 a4 34.
Rh3 Qg6 35. Qxg6 Nxg6 36. Bd1 axb3 37. Bxb3 Ne5 38. Rc3 Rb8 39. h3 Rb4 40. Bc2
Rb2 41. a4 Ra2 42. Kh2 Nd7 43. Bd3 Rxa4 44. Bb5 Ra7 45. Bxd7 Rxd7 46. g4 Kg7
47. h4 Rb7 48. Kg3 Rb1 49. Kg2 Kg6 50. Rg3 Rb2+ 51. Kh3 c4 52. g5 Rb3 0-1

[Event "22OPENSETTIMANALE"]
[Site "?"]
[Date "2019.10.31"]
[Round "1"]
[White "CASTELFRANCHI, CARLO."]
[Black "VANZAN, ALESSANDRO."]
[Result "1-0"]
[WhiteElo "1978"]
[BlackElo "1572"]
[PlyCount "51"]
[SourceDate "2019.11.19"]

1. e4 c5 2. Nf3 d6 3. d4 cxd4 4. Nxd4 Nf6 5. Nc3 g6 6. f4 Bg7 7. e5 dxe5 8.
fxe5 Ng4 9. Bb5+ Nc6 10. Nxc6 Qxd1+ 11. Nxd1 Bd7 12. Nd4 Bxb5 13. Nxb5 O-O 14.
O-O Nxe5 15. Bg5 f6 16. Be3 Rfc8 17. c3 b6 18. Nd4 Nc4 19. b3 Nxe3 20. Nxe3
Rxc3 21. Nd5 Rd3 22. Nxe7+ Kf7 23. Nec6 f5 24. Rfd1 Bxd4+ 25. Nxd4 Rxd1+ 26.
Rxd1 1-0

[Event "22OPENSETTIMANALE"]
[Site "?"]
[Date "2019.10.31"]
[Round "1"]
[White "ARCERI, PAOLO."]
[Black "MARINO, GIOVANNI."]
[Result "0-1"]
[WhiteElo "1554"]
[BlackElo "1958"]
[PlyCount "56"]
[SourceDate "2019.11.19"]

1. e4 c5 2. Nf3 d6 3. Bb5+ Nd7 4. O-O a6 5. Be2 Ngf6 6. d3 b5 7. b3 e5 8. Nbd2
d5 9. Ng5 h6 10. Ngf3 d4 11. Ne1 Bd6 12. Bb2 Nf8 13. c4 b4 14. Kh1 g5 15. Rg1
g4 16. Nf1 h5 17. Ng3 Ng6 18. Nf5 Bxf5 19. exf5 Nh4 20. f4 exf4 21. Nf3 gxf3
22. Bxf3 Nxf5 23. Re1+ Kf8 24. Bxa8 Qxa8 25. Qe2 h4 26. Bc1 h3 27. Qf3 hxg2+
28. Qxg2 f3 0-1

[Event "22OPENSETTIMANALE"]
[Site "?"]
[Date "2019.10.31"]
[Round "1"]
[White "MARINO, DANILO."]
[Black "RACCAH, ASCER."]
[Result "1-0"]
[WhiteElo "1909"]
[BlackElo "1549"]
[PlyCount "79"]
[SourceDate "2019.11.19"]

1. e4 e5 2. f4 d5 3. exd5 e4 4. d3 Nf6 5. dxe4 Nxe4 6. Qe2 Bf5 7. Nc3 Qe7 8.
Be3 Nxc3 9. bxc3 Bxc2 10. Nf3 f6 11. Kf2 Be4 12. Qd2 Nd7 13. Bb5 a6 14. Ba4 b5
15. Bb3 Nc5 16. Bxc5 Qxc5+ 17. Qd4 Bxf3 18. Rhe1+ Kd7 19. Qxc5 Bxc5+ 20. Kxf3
Rhe8 21. Re6 Ba3 22. Rae1 Bb2 23. c4 Bd4 24. Rd1 Bb6 25. Rc1 Rxe6 26. dxe6+ Ke7
27. c5 Ba5 28. Rd1 Rd8 29. Rxd8 Kxd8 30. Ke4 c6 31. h4 g6 32. g4 Bb4 33. Kd4
Be1 34. h5 Bf2+ 35. Ke4 Bxc5 36. Bc2 Be7 37. h6 Kc7 38. Kf3 Kd6 39. Bxg6 hxg6
40. h7 1-0

[Event "22OPENSETTIMANALE"]
[Site "?"]
[Date "2019.10.31"]
[Round "1"]
[White "ABUHAMDIEH, NANDO."]
[Black "PASTORE, COSMAS."]
[Result "0-1"]
[WhiteElo "1522"]
[BlackElo "1907"]
[PlyCount "114"]
[SourceDate "2019.11.19"]

1. d4 d5 2. c4 c6 3. Nf3 Nf6 4. e3 Bf5 5. Be2 e6 6. c5 Be7 7. O-O O-O 8. Nc3
Nbd7 9. b4 b6 10. Nh4 Bg6 11. Nxg6 hxg6 12. Rb1 b5 13. a4 a6 14. Bb2 g5 15. f4
gxf4 16. exf4 Ne4 17. Nxe4 dxe4 18. axb5 axb5 19. Ra1 Qc7 20. Qd2 Nf6 21. Qe3
Nd5 22. Qxe4 Rxa1 23. Rxa1 Nxb4 24. Ra3 Nd5 25. Rh3 g6 26. Qe5 Qxe5 27. fxe5
Ra8 28. Ra3 Rxa3 29. Bxa3 Bg5 30. Bb2 Be3+ 31. Kf1 Kf8 32. Bf3 Ne7 33. Ke2 Bh6
34. g4 Ke8 35. h4 Bf4 36. Bc3 Bc1 37. h5 gxh5 38. gxh5 Nd5 39. Bxd5 exd5 40.
Bd2 Bxd2 41. Kxd2 Kf8 42. h6 Kg8 43. Kc3 Kh7 44. Kb4 Kxh6 45. Ka5 Kg5 46. Kb6
b4 47. Kxc6 b3 48. Kxd5 b2 49. c6 b1=Q 50. Kd6 Qb4+ 51. Kd5 Qe7 52. Kc4 Kf4 53.
Kd5 Ke3 54. Kc4 Ke4 55. Kb5 Kxd4 56. Kb6 Qc5+ 57. Kb7 Kxe5 0-1

[Event "22OPENSETTIMANALE"]
[Site "?"]
[Date "2019.10.31"]
[Round "1"]
[White "ROCCHI, FEDERICO."]
[Black "COSTANTINI, CLAUDIO."]
[Result "1-0"]
[WhiteElo "1893"]
[BlackElo "1440"]
[PlyCount "109"]
[SourceDate "2019.11.19"]

1. c4 e6 2. g3 Nf6 3. Bg2 d5 4. Nf3 c5 5. O-O Nc6 6. b3 Be7 7. Bb2 d4 8. e3 e5
9. exd4 exd4 10. d3 O-O 11. Re1 Re8 12. Na3 Bf5 13. Nc2 Qc7 14. Qd2 Rad8 15.
Rad1 b6 16. b4 Bd6 17. b5 Ne5 18. Nxe5 Bxe5 19. Bc1 Bg4 20. f3 Bc8 21. Re2 Bd6
22. Rde1 Qd7 23. a4 Bb7 24. a5 Rxe2 25. Rxe2 Re8 26. a6 Bc8 27. Qe1 Rxe2 28.
Qxe2 Qe6 29. Kf2 Qxe2+ 30. Kxe2 Kf8 31. Bg5 Be7 32. Bf4 Nd7 33. Bh3 Ke8 34. Bc7
Bd8 35. Bf4 Bf6 36. Ne1 Kd8 37. Bxd7 Bxd7 38. Bb8 Kc8 39. Bxa7 Bd8 40. Ng2 Bc7
41. g4 f5 42. g5 Be6 43. h4 Kd7 44. h5 Bf7 45. Nh4 g6 46. h6 Ke7 47. f4 Kd7 48.
Kf3 Kc8 49. Kg3 Bxc4 50. dxc4 d3 51. Nf3 Kd7 52. Nd2 Kc8 53. Kf3 Kd7 54. Ke3
Kc8 55. Nf3 1-0

[Event "22OPENSETTIMANALE"]
[Site "?"]
[Date "2019.10.31"]
[Round "1"]
[White "GIANNANDREA, FABIO."]
[Black "ROBERTI, BRUNO."]
[Result "1-0"]
[WhiteElo "1438"]
[BlackElo "1889"]
[PlyCount "73"]
[SourceDate "2019.11.19"]

1. d4 f5 2. c4 Nf6 3. Nc3 e6 4. Nf3 Bb4 5. Bd2 O-O 6. a3 Bxc3 7. Bxc3 d6 8. e3
b6 9. Be2 Bb7 10. b3 Ne4 11. Bb2 Nd7 12. d5 e5 13. O-O Ndf6 14. Nd2 Nxd2 15.
Qxd2 Ne4 16. Qc2 Qg5 17. f4 Qe7 18. b4 Rae8 19. fxe5 dxe5 20. Bd3 Nd6 21. Bxf5
Nxf5 22. Rxf5 Rxf5 23. Qxf5 g6 24. Qd3 Qh4 25. Rf1 Ba6 26. e4 Qe7 27. b5 Bb7
28. a4 Qc5+ 29. Kh1 Qb4 30. Qf3 Qe7 31. Ba3 Qg7 32. c5 a6 33. d6 bxc5 34. Qb3+
Kh8 35. Rf7 Rf8 36. d7 Qh6 37. Qe6 1-0

[Event "22OPENSETTIMANALE"]
[Site "?"]
[Date "2019.10.31"]
[Round "1"]
[White "LUIGI, RINALDO."]
[Black "DE GUISA , MICHELE."]
[Result "0-1"]
[WhiteElo "1771"]
[BlackElo "1430"]
[PlyCount "66"]
[SourceDate "2019.11.19"]

1. e4 d6 2. d4 Nd7 3. Nf3 e6 4. Nc3 a6 5. a4 b6 6. Be2 Be7 7. O-O Bb7 8. Re1 c5
9. d5 e5 10. Be3 Ngf6 11. Nh4 Bf8 12. Nf5 Rc8 13. b3 Ng8 14. Qd2 h6 15. Rab1
Rc7 16. Bc4 Bc8 17. Qe2 Nb8 18. b4 Ne7 19. Nxe7 Qxe7 20. bxc5 dxc5 21. Rxb6 Rb7
22. Reb1 Rxb6 23. Rxb6 Qc7 24. Rb3 Be7 25. Qf3 O-O 26. Qg3 Kh7 27. f4 Nd7 28.
fxe5 Nxe5 29. Bf4 f6 30. Be2 c4 31. Rb1 g6 32. Qe3 Bc5 33. h3 Bxe3+ 0-1

[Event "22OPENSETTIMANALE"]
[Site "?"]
[Date "2019.10.31"]
[Round "1"]
[White "GENSABELLA, PAOLO."]
[Black "GIUSEPPONI, FERRUCCIO."]
[Result "1/2-1/2"]
[WhiteElo "1739"]
[BlackElo "1413"]
[PlyCount "102"]
[SourceDate "2019.11.19"]

1. c4 e5 2. Nc3 Nc6 3. g3 Nf6 4. Bg2 Be7 5. d3 O-O 6. Nf3 d6 7. O-O Be6 8. Bg5
h6 9. Bd2 Qd7 10. e4 Bh3 11. Nd5 Bxg2 12. Kxg2 Nxd5 13. cxd5 Nd8 14. Rc1 f5 15.
Qc2 Rc8 16. a4 fxe4 17. dxe4 Qg4 18. Qd3 Nf7 19. h3 Qg6 20. Rc4 Ng5 21. Nxg5
Bxg5 22. Bxg5 Qxg5 23. Rfc1 Rf7 24. h4 Qf6 25. Qe3 b6 26. R1c2 h5 27. R4c3 g6
28. Qe2 a5 29. Rf3 Qxf3+ 30. Qxf3 Rxf3 31. Kxf3 Rf8+ 32. Ke3 Rf7 33. Rc6 Kg7
34. f4 Kf6 35. Rc2 Re7 36. Rf2 Kg7 37. fxe5 Rxe5 38. Rc2 Re7 39. Kd4 Kf6 40.
Rf2+ Kg7 41. Rf4 Re5 42. Kc4 g5 43. hxg5 Rxg5 44. Rf3 Re5 45. Kd4 Rg5 46. Rc3
Kf6 47. Rf3+ Ke7 48. Ke3 Rg4 49. Kd4 Rg5 50. Rc3 Kd7 51. Rf3 Ke7 1/2-1/2

[Event "22OPENSETTIMANALE"]
[Site "?"]
[Date "2019.10.31"]
[Round "1"]
[White "MARTINO, MAURIZIO."]
[Black "AGOSTINI, MAURIZIO."]
[Result "0-1"]
[WhiteElo "1317"]
[BlackElo "1746"]
[PlyCount "62"]
[SourceDate "2019.11.19"]

1. c4 e5 2. Nc3 Nc6 3. g3 f5 4. e4 d6 5. d3 Nf6 6. Nge2 Be7 7. Bg2 O-O 8. O-O
Qe8 9. f4 fxe4 10. Nxe4 Qh5 11. Nf2 Be6 12. h3 Nd8 13. Nc3 exf4 14. Bxf4 Qxd1
15. Nfxd1 c6 16. Ne3 Nh5 17. Rf2 g5 18. Ne2 gxf4 19. gxf4 Bh4 20. Rf3 Nf7 21.
Nd4 Bd7 22. Nef5 Bf6 23. Kh2 Ng7 24. Rg3 Kh8 25. Be4 Nxf5 26. Nxf5 Rg8 27. Rag1
Rxg3 28. Rxg3 Rf8 29. b3 d5 30. cxd5 cxd5 31. Bxd5 Bxf5 0-1

[Event "22OPENSETTIMANALE"]
[Site "?"]
[Date "2019.11.07"]
[Round "2"]
[White "PASTORE, COSMAS."]
[Black "PALA, GIORGIO."]
[Result "0-1"]
[WhiteElo "1907"]
[BlackElo "2069"]
[PlyCount "80"]
[SourceDate "2019.11.19"]

1. e4 c5 2. Be2 Nc6 3. f4 g6 4. Nf3 Bg7 5. d3 d6 6. O-O Nf6 7. c3 O-O 8. Na3
Rb8 9. Nc2 b5 10. Rb1 a5 11. a3 b4 12. Bd2 Ba6 13. Ne3 bxa3 14. bxa3 Rxb1 15.
Qxb1 Nxe4 16. dxe4 Bxe2 17. Rf2 Ba6 18. Be1 Qa8 19. Rb2 Rb8 20. Rxb8+ Qxb8 21.
Qxb8+ Nxb8 22. e5 Nc6 23. exd6 exd6 24. f5 Ne5 25. Nxe5 Bxe5 26. fxg6 fxg6 27.
Ng4 Bg7 28. Ne3 Kf7 29. g4 Ke6 30. g5 d5 31. h4 d4 32. cxd4 Bxd4 33. Kf2 a4 34.
Kf3 Bb2 35. Ng4 Bxa3 36. Nf6 Bb4 37. Bf2 a3 38. Ne8 Bb7+ 39. Ke2 a2 40. Nc7+
Kd7 0-1

[Event "22OPENSETTIMANALE"]
[Site "?"]
[Date "2019.11.07"]
[Round "2"]
[White "BONAPOSTA, FABRIZIO."]
[Black "ROCCHI, FEDERICO."]
[Result "1/2-1/2"]
[WhiteElo "2061"]
[BlackElo "1893"]
[PlyCount "57"]
[SourceDate "2019.11.19"]

1. e4 c5 2. Nf3 g6 3. d4 cxd4 4. Qxd4 Nf6 5. Nc3 Nc6 6. Qc4 d6 7. e5 dxe5 8.
Nxe5 Qd4 9. Qxd4 Nxd4 10. Bd3 Bg7 11. Be3 Nd7 12. Bxd4 Bxe5 13. Bxe5 Nxe5 14.
Be4 O-O 15. O-O-O Rb8 16. Nd5 e6 17. Ne7+ Kg7 18. Nxc8 Rfxc8 19. g3 b6 20. h3
Rd8 21. f4 Nc4 22. Rhe1 h5 23. Bd3 Nd6 24. g4 hxg4 25. hxg4 Ne8 26. f5 Nc7 27.
fxg6 fxg6 28. c4 Rd4 29. Re4 1/2-1/2

[Event "22OPENSETTIMANALE"]
[Site "?"]
[Date "2019.11.07"]
[Round "2"]
[White "AGOSTINI, MAURIZIO."]
[Black "CASTELFRANCHI, CARLO."]
[Result "0-1"]
[WhiteElo "1746"]
[BlackElo "1978"]
[PlyCount "71"]
[SourceDate "2019.11.19"]

1. d4 Nf6 2. c4 g6 3. Nc3 d5 4. cxd5 Nxd5 5. e4 Nxc3 6. bxc3 Bg7 7. Bc4 c5 8.
Ne2 Nc6 9. Be3 cxd4 10. cxd4 Qa5+ 11. Kf1 Qa3 12. Rc1 O-O 13. Rc3 Qd6 14. h4 h5
15. f3 Bd7 16. Qd2 Rac8 17. e5 Qb4 18. a3 Qa5 19. Kf2 Bf5 20. Rhc1 Rfd8 21. Qa2
e6 22. Rb3 Rd7 23. Rb5 Qd8 24. Bg5 Qe8 25. Qb2 b6 26. a4 Rdc7 27. Ba2 Na5 28.
Nc3 Bd3 29. Rb4 Bf8 30. Rb3 Nxb3 31. Bxb3 Be7 32. g4 hxg4 33. fxg4 Qd8 34. d5
Bxg5 35. hxg5 Qxg5 36. dxe6 0-1

[Event "22OPENSETTIMANALE"]
[Site "?"]
[Date "2019.11.07"]
[Round "2"]
[White "MARINO, GIOVANNI."]
[Black "GIANNANDREA, FABIO."]
[Result "1-0"]
[WhiteElo "1958"]
[BlackElo "1438"]
[PlyCount "95"]
[SourceDate "2019.11.19"]

1. Nf3 d5 2. d4 Nf6 3. c4 e6 4. g3 Be7 5. Bg2 O-O 6. O-O b6 7. Ne5 Bb7 8. Nc3
Nbd7 9. cxd5 exd5 10. Qb3 c5 11. Nxd5 Bxd5 12. Bxd5 Nxd5 13. Qxd5 Nxe5 14. Qxd8
Nf3+ 15. exf3 Raxd8 16. dxc5 Bxc5 17. Be3 Rd5 18. Rfd1 Rfd8 19. Rxd5 Rxd5 20.
Rc1 Kf8 21. Bxc5+ Rxc5 22. Rxc5 bxc5 23. Kf1 Ke7 24. Ke2 Ke6 25. Kd3 Kd5 26. f4
f5 27. b3 a6 28. Kc3 a5 29. Kd3 g6 30. a4 h6 31. f3 g5 32. fxg5 hxg5 33. h4 f4
34. hxg5 fxg3 35. Ke3 Ke5 36. f4+ Kf5 37. Kf3 g2 38. Kxg2 Kg6 39. Kg3 Kh5 40.
Kf3 Kg6 41. Kg4 Kg7 42. Kf5 Kf7 43. g6+ Kg7 44. Kg5 Kg8 45. Kf6 Kf8 46. g7+ Kg8
47. f5 c4 48. bxc4 1-0

[Event "22OPENSETTIMANALE"]
[Site "?"]
[Date "2019.11.07"]
[Round "2"]
[White "DE GUISA, MICHELE."]
[Black "MARINO, DANILO."]
[Result "0-1"]
[WhiteElo "1430"]
[BlackElo "1909"]
[PlyCount "96"]
[SourceDate "2019.11.19"]

1. e4 b6 2. Nc3 Bb7 3. d3 e6 4. Nf3 Bb4 5. Bd2 Be7 6. Be2 Nf6 7. O-O d5 8. e5
Nfd7 9. d4 a6 10. Be3 c5 11. Qd2 Nc6 12. Bg5 Bxg5 13. Nxg5 Nxd4 14. Nf3 Nxf3+
15. Bxf3 Nxe5 16. Be2 d4 17. Nd1 Qd5 18. f3 O-O-O 19. Nf2 f5 20. b3 g5 21. Nh3
h6 22. Rf2 d3 23. cxd3 Nxd3 24. Bxd3 Qxd3 25. Qxd3 Rxd3 26. Re2 Kd7 27. Nf2 Rd4
28. Rd1 Rxd1+ 29. Nxd1 Rd8 30. Ne3 b5 31. Kf2 h5 32. g3 f4 33. gxf4 Rf8 34. Ng2
gxf4 35. Re5 c4 36. Rxh5 Kd6 37. bxc4 bxc4 38. Ra5 c3 39. Ne1 Rh8 40. Kg2 Rc8
41. Nc2 Rc5 42. Ra3 e5 43. h4 e4 44. Kf2 a5 45. h5 e3+ 46. Ke2 Ba6+ 47. Ke1 Bd3
48. Nd4 Rxh5 0-1

[Event "22OPENSETTIMANALE"]
[Site "?"]
[Date "2019.11.07"]
[Round "2"]
[White "RENZI, ALESSIO."]
[Black "GENSABELLA, PAOLO."]
[Result "1-0"]
[WhiteElo "1739"]
[BlackElo "1739"]
[PlyCount "51"]
[SourceDate "2019.11.19"]

1. e4 c5 2. Nf3 d6 3. d4 cxd4 4. Nxd4 g6 5. Nc3 Bg7 6. Be3 a6 7. h3 Nf6 8. Qd2
Nc6 9. Nxc6 bxc6 10. Bd3 Rb8 11. O-O O-O 12. b3 Qc7 13. Rad1 Bb7 14. Bh6 Bxh6
15. Qxh6 Qa5 16. Ne2 Qh5 17. Qe3 c5 18. Ng3 Qh4 19. c4 Bc8 20. e5 Nh5 21. Nxh5
Qxh5 22. exd6 exd6 23. Be2 Qh4 24. Rxd6 Bf5 25. Qxc5 Qe7 26. Rxg6+ 1-0

[Event "22OPENSETTIMANALE"]
[Site "?"]
[Date "2019.11.07"]
[Round "2"]
[White "GIUSEPPONI, FERRUCCIO."]
[Black "RABITI, ROBERTO."]
[Result "0-1"]
[WhiteElo "1413"]
[BlackElo "1393"]
[PlyCount "46"]
[SourceDate "2019.11.19"]

1. d4 f5 2. Nf3 Nf6 3. Bf4 d6 4. e3 g6 5. h4 Bg7 6. h5 Nxh5 7. Rxh5 gxh5 8. Ng5
O-O 9. Qxh5 h6 10. Nf3 Qe8 11. Qh2 Qg6 12. Bd3 Nc6 13. c3 e5 14. dxe5 dxe5 15.
Bxe5 Nxe5 16. Nxe5 Qd6 17. Bc4+ Be6 18. Bxe6+ Qxe6 19. Nf3 Rad8 20. Nbd2 f4 21.
e4 Rd3 22. O-O-O Qxa2 23. Kc2 Rxc3# 0-1